01062cam a22002297a 4500003000500000005001700005008004100022010001000063011001000073035001000083040000900093100002900102245015700131260010300288300003700391410006600428490008900494650005200583650004200635810006600677830008900743CHAP20220817043620.0000208d1998 cr ab r 00010 spa d a79817 a80789 a91243 cCHAP00aMedina Castro, Héctor. 0aPrioridades de investigación agropecuaria en America Latina y el Caribe :bcinco años de experiencia conjunta IICA-BIDc/por Héactor Medina Castro aSan José de Costa Rica :bInstituto Interamericano de Cooperacilón para la Agricultura,c1998. a51 p. :bilus. , gráfs., mapas aInstituto Interamericano de Cooperación para la Agricultura 0aPriorización de la investigación agropecuaria en America Latina y el Caribev; 114aAgriculturaxInvestigaciónxAmérica Latina.14aAgriculturaxInvestigaciónzCaribe. aInstituto Interamericano de Cooperación para la Agricultura00aPriorización de la investigación agropecuaria en America Latina y el Caribev; 1